Influence of Selected Macroeconomic Indicators on Employee Motivation

Definovanie závislosti vybraných makroekonomických ukazovateľov na motiváciu zamestnancov. Analýza vplyvu priemernej ročnej mzdy a dlhu domácností na motivačné faktory zamestnancov. Predstavenie inšpiratívnych nápadov.

Na minha lista:
Detalhes bibliográficos
Autor principal: Hitka, Miloš
Outros Autores: Ďurian, Jozef, Lorincová, Silvia, Dúbravská, Bianka
Formato: Capítulo de Livro
Idioma:inglês
Assuntos:
Tags: Adicionar Tag
Sem tags, seja o primeiro a adicionar uma tag!

MARC

LEADER 00000naa a2200000 4500
001 0278640
005 20210922095020.5
041 0 |a eng 
044 |a CZ 
245 1 0 |a Influence of Selected Macroeconomic Indicators on Employee Motivation  |c Miloš Hitka, Jozef Ďurian, Silvia Lorincová, Bianka Dúbravská 
520 |a Definovanie závislosti vybraných makroekonomických ukazovateľov na motiváciu zamestnancov. Analýza vplyvu priemernej ročnej mzdy a dlhu domácností na motivačné faktory zamestnancov. Predstavenie inšpiratívnych nápadov. 
610 2 0 |a ukazovatele makroekonomické 
610 2 0 |a motivácia pracovná 
610 2 0 |a zamestnanci 
610 2 0 |a mzdy 
610 2 0 |a výdavky domácností 
100 1 |a Hitka, Miloš 
700 1 |a Ďurian, Jozef 
700 1 |a Lorincová, Silvia 
700 1 |a Dúbravská, Bianka